000 00682nam a2200193 a 4500
001 000020799
003 DO-SdBNP
005 20260304085435.0
008 100817s1996 dr 000 0 spa d
040 _aDO-SdBNP
_bspa
_cBPJMB
082 _a923.27293
_bP349C
100 1 _aCampillo Pérez, Julio G.
_931026
245 1 0 _aPeña Gómez :
_borigen y nacimiento, investigación genealógica /
_c Julio G. Campillo Pérez,
260 _aSanto Domingo,(República Dominicana) :
_bEditora de Colores,
_c1996.
300 _a145 p. :
_bil. ;
_c27 cm.
600 1 0 _aPeña Gomez, Jose Francisco ,
_d1937-1998
_92994
650 4 _aPolíticos dominicanos
_943591
_vBiografía
942 _2ddc
_cLBS1
999 _c20303
_d20303